000 00547nam a2200229Ia 4500
003 OSt
005 20220924142528.0
006 a|||||r|||| 00| 0
007 ta
008 ASM
024 _a302330
037 _cTextual
040 _aARTS
_cARTS
_bASM
041 _2ASM
_aASM
082 _aO158,3NRA,1, M0
100 _aRajkhowa B.
_9213577
245 0 _aJoban echati dhumuha
260 _c1980
650 _aASSAMESE LITERATURE
_911738
942 _hO158,3NRA,1, M0
_cTEXL
_2CC
999 _c451052
_d451052